Quiz personnages Berserk - Statistiques

Statistiques générales
  • Ce quiz a été pris 724 fois
  • Le résultat moyen est 14 sur 52
Statistiques - réponses
Hint Answers % Correct
Casca
95%
Casca
95%
La première troupe du faucon Guts
94%
Griffith
92%
La deuxième troupe du faucon Griffith
92%
Pippin
62%
Judeau
57%
Puck
56%
Zodd
52%
God Hand Femto
50%
Farnèse
49%
Rickert
48%
Serpico
47%
Isidro
44%
Void
43%
Les compagnons de Berserk actuellement Schierke
41%
"Parents" de Guts Gambino
37%
Chevalier squelette
28%
Slan
28%
Corkus
26%
Conrad
23%
Empire Kushan Ganishka
22%
Ubik
21%
Evarella
15%
Locus
15%
Personnages ayant aidé Guts Flora
13%
Isma
12%
Comte
11%
Godo
11%
Mozgus
11%
Sonia
11%
Wyald
11%
Rosine
10%
Les apôtres affrontés par Guts Baron Serpent
9%
Roderick
8%
Irvine
7%
Mule
6%
Rakshas
6%
Sys
6%
Daiba
5%
Erika
5%
Grundbeld
5%
Personnages de Elf Helm/Skellig Pick
5%
Danan
4%
Pack
4%
Peck
4%
Pock
4%
Silat
4%
Morda
3%
Bakiraka
2%
Dieu des Mers
2%
Gedfrind
0%
Aucun quiz correspondant
Distribution des résultats
% des personnes avec chaque résultat
Percentile par nombre de réponses
Votre historique - résultats
Vous n’avez pas pris ce quiz